রঘুনাথপুর পীর পরিবারের কুর্সিনামা/ (Record no. 17930)
[ view plain ]
| 000 -LEADER | |
|---|---|
| fixed length control field | 00862nam a22001817a 4500 |
| 003 - CONTROL NUMBER IDENTIFIER | |
| control field | BDDh-ASL |
| 005 - DATE AND TIME OF LATEST TRANSACTION | |
| control field | 20231015025646.0 |
| 008 - FIXED-LENGTH DATA ELEMENTS--GENERAL INFORMATION | |
| fixed length control field | 200915b1995 ||||| |||| 00| 0 d |
| 040 ## - CATALOGING SOURCE | |
| Original cataloging agency | BDDh-ASL |
| Transcribing agency | BDDh-ASL |
| Modifying agency | BDDh-ASL |
| 082 ## - DEWEY DECIMAL CLASSIFICATION NUMBER | |
| Classification number | 297.09 |
| Item number | RAG |
| 245 1# - TITLE STATEMENT | |
| Title | রঘুনাথপুর পীর পরিবারের কুর্সিনামা/ |
| Statement of responsibility, etc. | সৈয়দ মুজিব উল্লাহ্ (সম্পা.) |
| 246 ## - VARYING FORM OF TITLE | |
| Title proper/short title | Ragunathpur Pir Paribarer Kurshinama |
| 260 ## - PUBLICATION, DISTRIBUTION, ETC. | |
| Place of publication, distribution, etc. | কুমিল্লা: |
| Name of publisher, distributor, etc. | খন্দকার এ্যাসিসটেন্স ফাউন্ডেশন, |
| Date of publication, distribution, etc. | ১৯৯৫। |
| 300 ## - PHYSICAL DESCRIPTION | |
| Extent | ৩৯ পৃষ্ঠা: |
| Dimensions | ২১ সে. মি.। |
| 650 #0 - SUBJECT ADDED ENTRY--TOPICAL TERM | |
| 9 (RLIN) | 751 |
| Topical term or geographic name entry element | পীর পরিবার |
| General subdivision | পীর বংশ |
| 700 1# - ADDED ENTRY--PERSONAL NAME | |
| 9 (RLIN) | 750 |
| Personal name | উল্লাহ্, সৈয়দ মুজিব |
| 942 ## - ADDED ENTRY ELEMENTS (KOHA) | |
| Source of classification or shelving scheme | Dewey Decimal Classification |
| Koha item type | Books |
| Withdrawn status | Lost status | Source of classification or shelving scheme | Damaged status | Not for loan | Collection code | Home library | Current library | Shelving location | Date acquired | Source of acquisition | Total Checkouts | Full call number | Barcode | Date last seen | Copy number | Price effective from | Koha item type | Public note |
|---|---|---|---|---|---|---|---|---|---|---|---|---|---|---|---|---|---|---|
| Dewey Decimal Classification | Non-fiction | Asiatic Society Library | Asiatic Society Library | General Stacks | 09/15/2020 | Complementary | 297.09 RAG | 101070 | 09/15/2020 | C-1 | 09/15/2020 | Books | ||||||
| Dewey Decimal Classification | Non-fiction | Asiatic Society Library | Asiatic Society Library | General Stacks | 09/15/2020 | Complementary | 297.09 RAG | 101071 | 09/15/2020 | C-2 | 09/15/2020 | Books | ||||||
| Dewey Decimal Classification | Non-fiction | Asiatic Society Library | Asiatic Society Library | General Stacks | 03/27/2023 | Complimentary | 297.09 RAG | 120071 | 03/27/2023 | C-3 | 03/27/2023 | Books | Y-1995 |